000 00239nam a2200109Ia 4500
008 190216s9999||||xx |||||||||||||| ||und||
100 _aKainikkara Kumara Pilla
245 0 _aNadakeeyam
260 _bNull
650 _aPadanam
942 _cBK
999 _c25321
_d25321